| 000 | 00399nam a2200145Ia 4500 | ||
|---|---|---|---|
| 008 | 210430s9999 xx 000 0 und d | ||
| 020 | _a1246-1246 | ||
| 082 | _a661.804 C5141 C | ||
| 100 |
_aSami Matar _952881 |
||
| 245 |
_aChemistry of Petrochemical Processes / _cSami Matar |
||
| 250 | _a2nd edition | ||
| 260 |
_aPHOTOCOPY _bGulf Publishing Company _c2010 |
||
| 300 | _a392p | ||
| 942 |
_cBK _2ddc |
||
| 999 |
_c562377 _d562377 |
||